|
|
|
|
| LEADER |
00000nam a2200000 a 4500 |
| 001 |
vtls001330697 |
| 003 |
SK-MaSNL |
| 005 |
20260301235705.0 |
| 008 |
240314s1959 xo 0 slo |
| 035 |
|
|
|a SNK000283566
|
| 040 |
|
|
|a SNK
|b slo
|c SNK
|e AACR2
|
| 041 |
0 |
|
|a slo
|
| 044 |
|
|
|a xo
|c SK
|
| 100 |
1 |
|
|a Bírová, Helena,
|d 1929-
|4 aut
|9 37675
|
| 245 |
1 |
0 |
|a Ťažká úloha - scénka
|n 2.
|p Fontány Petrodvorca - film SSR
|n 3.
|p Šport - film
|c Helena Bírová
|
| 260 |
|
|
|a Bratislava
|b Čs. televízia
|c 1959
|
| 300 |
|
|
|a 16 s.
|c 4°
|
| 999 |
|
|
|c 976175
|d 978105
|
| 952 |
|
|
|t P60, <03>, [BOOK], {603}
|a SNK
|b SNK
|y PREZ
|7 0
|p 17A0742447
|o snkSB 7408
|i snkKSP 493/61
|0 0
|1 0
|4 0
|d 1998-05-12
|f 1
|l 0
|r 2025-02-28 00:00:00
|w 2026-02-24
|